Zásady využívání týmové práce

Nástroje zvyšovania efektívnosti práce. Zamestnanci a zavádzanie zmien. Tvorba pracovného tímu. Systém tímového odmeňovania. Ilustrácia na konkrétnom príklade.

Gespeichert in:
Bibliographische Detailangaben
1. Verfasser: Botek, Marek
Weitere Verfasser: Strachota, Svatopluk
Format: Buchkapitel
Sprache:Tschechisch
Schlagworte:
Tags: Tag hinzufügen
Keine Tags, Fügen Sie das erste Tag hinzu!

MARC

LEADER 00000naa$a2200000$$$4500
001 0072788
005 20230908101311.5
041 0 |a cze 
044 |a SK 
245 1 0 |a Zásady využívání týmové práce  |c Marek Botek, Svatopluk Strachota 
520 |a Nástroje zvyšovania efektívnosti práce. Zamestnanci a zavádzanie zmien. Tvorba pracovného tímu. Systém tímového odmeňovania. Ilustrácia na konkrétnom príklade. 
610 2 0 |a tímy pracovné 
610 2 0 |a efektívnosť práce 
610 2 0 |a výkonnosť 
610 2 0 |a motivácia pracovná 
610 2 0 |a manažéri 
610 2 0 |a odmeňovanie 
100 1 |a Botek, Marek 
700 1 |a Strachota, Svatopluk